HIV / Viral Hepatitis : (Record no. 4241)

MARC details
000 -LEADER
fixed length control field 00575nam a22001937a 4500
003 - CONTROL NUMBER IDENTIFIER
control field OSt
005 - DATE AND TIME OF LATEST TRANSACTION
control field 20160530190738.0
008 - FIXED-LENGTH DATA ELEMENTS--GENERAL INFORMATION
fixed length control field 160530b xxu||||| |||| 00| 0 eng d
020 ## - INTERNATIONAL STANDARD BOOK NUMBER
International Standard Book Number 1920773126
040 ## - CATALOGING SOURCE
Transcribing agency 040a
082 ## - DEWEY DECIMAL CLASSIFICATION NUMBER
Classification number QW 170
Item number H641g 2004
245 ## - TITLE STATEMENT
Title HIV / Viral Hepatitis :
Remainder of title a guide for primary care /
Statement of responsibility, etc. Gregory Dore...{etal}
260 ## - PUBLICATION, DISTRIBUTION, ETC. (IMPRINT)
Place of publication, distribution, etc. Australia
Name of publisher, distributor, etc. Australian society
Date of publication, distribution, etc. 2004
300 ## - PHYSICAL DESCRIPTION
Extent 128p;
Other physical details ill:
Dimensions 14 cm.
504 ## - BIBLIOGRAPHY, ETC. NOTE
Bibliography, etc Includes bibliographical references and index
650 ## - SUBJECT ADDED ENTRY--TOPICAL TERM
Topical term or geographic name as entry element HIV
9 (RLIN) 2583
700 ## - ADDED ENTRY--PERSONAL NAME
Personal name Core, Gregory...{etal}
9 (RLIN) 9138
942 ## - ADDED ENTRY ELEMENTS (KOHA)
Source of classification or shelving scheme Dewey Decimal Classification
Koha item type Open Shelf
Holdings
Withdrawn status Lost status Source of classification or shelving scheme Damaged status Not for loan Home library Current library Date acquired Inventory number Total Checkouts Full call number Barcode Date last seen Price effective from Koha item type
    Dewey Decimal Classification     MUST Main Library MUST Main Library 30/05/2016 2011/34517   QW 170 H641g 2004 2016-2260 30/05/2016 30/05/2016 Open Shelf